The laws and acts made in the fourth session of the first Parliament of Our Most High and Dread Soveraigns William and Mary : by the grace of God, King & Queen of Scotland, England, France, and Ireland, defenders of the faith : holden and begun at Edinburgh, April 18, 1693, by His Grace William Duke of Hamilton, Marquess of Clidsdale, Earl of Arran and Lanerk, Lord Aven, Polmount and Machinshire, Knight of the Noble of the Garter, president of Their Majesties most honourable Privy Council, and lord high admiral of Scotland, Their Majesties high commissioner for holding this Parliament by vertue of a commission under Their Majesties great seal of this kingdom, with special advice and consent of the estates of Parliament /

Bibliographic Details
Corporate Author: Scotland
Format: Microform Book
Language:English
Series:Early English books, 1641-1700 ; 1557:19.
Subjects:

MARC

Tag First Indicator Second Indicator Subfields
LEADER 00000cam a2200000 a 4500
001 in00000881925
005 20150923155012.0
007 hd afa017baca
007 hd bfa017baaa
008 860510s1693 miu a 00010 eng d
035 |a (OCoLC)13553739 
035 |9 AEM0558AM 
037 |a CL0037000055  |b University Microfilms International 
037 |b University Microfilms International, 300 N. Zeeb Rd., Ann Arbor, MI 48106 
040 |a EAG  |c EAG  |d m/c  |d UtOrBLW 
043 |a e-uk-st 
045 |a u-u- 
049 |a TXAI 
090 |a KDC76  |b .S36 1693 
099 |a film   |a  B   |a  3609 
110 1 |a Scotland. 
240 1 0 |a Laws, etc. 
245 1 4 |a The laws and acts made in the fourth session of the first Parliament of Our Most High and Dread Soveraigns William and Mary :  |b by the grace of God, King & Queen of Scotland, England, France, and Ireland, defenders of the faith : holden and begun at Edinburgh, April 18, 1693, by His Grace William Duke of Hamilton, Marquess of Clidsdale, Earl of Arran and Lanerk, Lord Aven, Polmount and Machinshire, Knight of the Noble of the Garter, president of Their Majesties most honourable Privy Council, and lord high admiral of Scotland, Their Majesties high commissioner for holding this Parliament by vertue of a commission under Their Majesties great seal of this kingdom, with special advice and consent of the estates of Parliament /  |c collected and extracted from the registers and records of Parliament by George Viscount of Tarbat ... 
264 3 |a Edinburgh :  |b Printed by the heir of Andrew Anderson ...,  |c 1693. 
300 |a 3 unnumbered pages, 56 pages, 9 unnumbered pages 
336 |a text  |b txt  |2 rdacontent 
337 |a microform  |b h  |2 rdamedia 
338 |a microfilm reel  |b hd  |2 rdacarrier 
500 |a "Act and ratification in favours of George Earl of Melvill, June 12, 1693" -- pages [5]-[9]. 
500 |a Imperfect: pages 33-34 lacking. 
500 |a Reproduction of original in the Harvard University Library. 
510 4 |a Wing  |c S1258 
533 |a Microfilm.  |b Ann Arbor, Mich. :  |c University Microfilms International,  |d 1984.  |e 1 microfilm reel ; 35 mm.  |f (Early English books, 1641-1700 : 1557:19) 
500 |a Microform. 
651 0 |a Scotland  |x Politics and government  |y 17th century. 
740 0 |a Act and ratification in favours of George Earl of Melvill. 
830 0 |a Early English books, 1641-1700 ;  |v 1557:19. 
999 |a MARS 
999 f f |s e930f683-c15a-3857-9243-179de52e402f  |i b243285e-6b8b-369f-a6d0-397c72211ae2  |t 0 
952 f f |p default  |a Texas A&M University  |b College Station  |c Sterling C. Evans Library  |d Evans: Microforms (3rd floor)  |t 0  |e film B 3609 1557:19  |h Other scheme  |i microform -- microfilm reel 
998 f f |a film B 3609 1557:19  |t 0  |l Evans: Microforms (3rd floor)